Statistics for list of cigarettes by brand name

Click here to take the quiz!

General Stats

  • This quiz has been taken 172 times
  • The average score is 6 of 63

Answer Stats

HintAnswer% Correct
marlboro
93%
camel
81%
winston
57%
lucky strike
51%
pallmall
50%
newport
39%
kool
30%
virginia slims
22%
chesterfield
22%
dunhill
17%
l and m
15%
rothmans
12%
viceroy
10%
maverick
9%
basic
8%
ld
7%
capri
6%
fortuna
5%
prince
5%
vogue
4%
silk cut
3%
winfield
3%
wave
3%
hope
2%
old gold
2%
north state
1%
classic
1%
long beach
1%
ace
1%
alpine
1%
checkers
1%
gold crest
1%
texas
1%
natural spirit
1%
rave
1%
red and white
1%
grand prix
1%
smart
1%
royal
1%
rambler
0%
american bison
0%
gambler
0%
first class
0%
fantasia
0%
max
0%
carnival
0%
baron american
0%
amersterdam shag
0%
style
0%
state express 555
0%
aura
0%
popularne
0%
scissors
0%
main
0%
panama
0%
president
0%
lark
0%
royal crown
0%
regent
0%
jockey club
0%
plugural
0%
peer
0%
ark royal
0%

Score Distribution

Percentile by Number Answered

Percent of People with Each Score

Your Score History

You have not taken this quiz